000 005420000a22001690004500
003 MACL
005 20160121171356.0
008 160121b xxu||||| |||| 00| 0 eng d
040 _aMACL
_cMACL
041 _aHindi
082 _a3636.254
245 _aमध्‍य प्रदेश पुलिस आरक्षक रेडियो
260 _bसाहित्‍य भवन पब्लिकेशन्‍स
_c2002
_aआगरा
350 _a65
650 _aSocial Problem Services
_933961
942 _cHIN
_k363.254
_2ddc
999 _c30537
_d30537